<?xml version="1.0" encoding="UTF-8"?>
<record
    xmlns:xsi="http://www.w3.org/2001/XMLSchema-instance"
    xsi:schemaLocation="http://www.loc.gov/MARC21/slim http://www.loc.gov/standards/marcxml/schema/MARC21slim.xsd"
    xmlns="http://www.loc.gov/MARC21/slim">

  <leader>02772nam a2200373uu 4500</leader>
  <controlfield tag="001">1023352</controlfield>
  <controlfield tag="005">20260507074553.0</controlfield>
  <controlfield tag="007">co|||||||</controlfield>
  <controlfield tag="008">070409e20071121                    spa  </controlfield>
  <datafield tag="035" ind1=" " ind2=" ">
    <subfield code="a">1023352</subfield>
  </datafield>
  <datafield tag="040" ind1=" " ind2=" ">
    <subfield code="c">comduadb</subfield>
  </datafield>
  <datafield tag="041" ind1=" " ind2=" ">
    <subfield code="a">spa</subfield>
  </datafield>
  <datafield tag="080" ind1=" " ind2=" ">
    <subfield code="a">T/CD</subfield>
  </datafield>
  <datafield tag="082" ind1=" " ind2="4">
    <subfield code="a">150</subfield>
  </datafield>
  <datafield tag="100" ind1="1" ind2="0">
    <subfield code="a">Vargas Mosquera, Pompilio</subfield>
    <subfield code="4">aut</subfield>
    <subfield code="e">aut</subfield>
    <subfield code="9">436806</subfield>
  </datafield>
  <datafield tag="245" ind1="1" ind2="0">
    <subfield code="a">Individuo, cultura y malestar</subfield>
  </datafield>
  <datafield tag="260" ind1=" " ind2=" ">
    <subfield code="a">Medell&#xED;n :</subfield>
    <subfield code="b">[sin publicador],</subfield>
    <subfield code="c">2007.</subfield>
  </datafield>
  <datafield tag="300" ind1=" " ind2=" ">
    <subfield code="a">1 CD-ROM</subfield>
  </datafield>
  <datafield tag="520" ind1="3" ind2=" ">
    <subfield code="a">En 1887 fue escrita la genealog&#xED;a de la moral por F. Nietzsche. Uno de los temas que trat&#xF3; all&#xED; fue la culpa, el sufrimiento que el hombre se causa a s&#xED; mismo. La vida en sociedad lo llevan a renunciar a la exteriorizaci&#xF3;n de sus impulsos agresivos, disfrutar las ventajas de la sociedad implica renunciar al placer de hacer sufrir al semejante. Pero no se renuncia al placer de la crueldad, simplemente porque es un mecanismo animal que no ha abandonado al humano; cuando lo externo queda censurado como campo de agresi&#xF3;n el hombre interioriza el impulso haci&#xE9;ndose sufrir a s&#xED; mismo.  En 1930 S. Freud escribe el malestar en la cultura. Este escrito confirma la idea del sufrimiento que acompa&#xF1;a la vida en una comunidad que busca regular los impulsos humanos. Cuando se deciden agrupar para lograr la dicha colectiva, cada individuo debe renunciar a una parte de su b&#xFA;squeda de felicidad a favor del bien com&#xFA;n. Aquello que es prohibido no cesa en su empe&#xF1;o de realizarse, el individuo se enfrenta a s&#xED; como portador del mal y se castiga por ello. 
Estos dos escritos muestran, a pesar de que fueron escritos bajo presupuestos te&#xF3;ricos diferentes, que la relaci&#xF3;n individuo y cultura trae culpas al humano. Ac&#xE1; se busca encontrar fundamento al problema de la culpa en la relaci&#xF3;n individuo cultura occidental, partiendo de la idea que expone E. Pewzner sobre el hecho de que las formaciones psicopatol&#xF3;gicas var&#xED;an de acuerdo a las culturales en las cuales se manifiesten. Se asume que Grecia antigua es el origen de la cultura occidental, por lo tanto es all&#xED; donde se buscar&#xE1; el fundamento para el malestar que experimenta el individuo en la cultura. 
</subfield>
  </datafield>
  <datafield tag="650" ind1=" " ind2=" ">
    <subfield code="a">Culpa (Psicoan&#xE1;lisis)</subfield>
    <subfield code="9">106610</subfield>
  </datafield>
  <datafield tag="650" ind1=" " ind2="7">
    <subfield code="a">Sufrimiento</subfield>
    <subfield code="2">lemb</subfield>
    <subfield code="9">4230</subfield>
  </datafield>
  <datafield tag="650" ind1=" " ind2=" ">
    <subfield code="a">Vida en sociedad</subfield>
    <subfield code="9">33377</subfield>
  </datafield>
  <datafield tag="650" ind1=" " ind2=" ">
    <subfield code="a">Bien com&#xFA;n</subfield>
    <subfield code="9">21393</subfield>
  </datafield>
  <datafield tag="650" ind1=" " ind2="7">
    <subfield code="a">Individuo</subfield>
    <subfield code="2"></subfield>
    <subfield code="9">84282</subfield>
  </datafield>
  <datafield tag="650" ind1=" " ind2="7">
    <subfield code="a">Psicoan&#xE1;lisis</subfield>
    <subfield code="2">lemb</subfield>
    <subfield code="9">50288</subfield>
  </datafield>
  <datafield tag="650" ind1=" " ind2="7">
    <subfield code="a">Conciencia</subfield>
    <subfield code="2">armarc</subfield>
    <subfield code="9">14487</subfield>
  </datafield>
  <datafield tag="650" ind1=" " ind2=" ">
    <subfield code="a">Mal</subfield>
    <subfield code="9">57566</subfield>
  </datafield>
  <datafield tag="650" ind1=" " ind2=" ">
    <subfield code="a">Malestar social</subfield>
    <subfield code="9">90852</subfield>
  </datafield>
  <datafield tag="650" ind1=" " ind2="7">
    <subfield code="a">Antropolog&#xED;a de la educaci&#xF3;n</subfield>
    <subfield code="2">lemb</subfield>
    <subfield code="9">10118</subfield>
  </datafield>
  <datafield tag="700" ind1="1" ind2="0">
    <subfield code="a">V&#xE9;lez Saldarriaga, Marta Cecilia</subfield>
    <subfield code="d">1954-2019</subfield>
    <subfield code="4">ths</subfield>
    <subfield code="0">(isni)0000 0000 4892 7922</subfield>
    <subfield code="0">(viaf)36845551</subfield>
    <subfield code="e">ths</subfield>
    <subfield code="9">302864</subfield>
  </datafield>
  <datafield tag="942" ind1=" " ind2=" ">
    <subfield code="c">TESIS</subfield>
  </datafield>
  <datafield tag="999" ind1=" " ind2=" ">
    <subfield code="c">411895</subfield>
    <subfield code="d">411895</subfield>
  </datafield>
  <datafield tag="502" ind1=" " ind2=" ">
    <subfield code="b">105</subfield>
    <subfield code="c">12</subfield>
  </datafield>
  <datafield tag="526" ind1=" " ind2=" ">
    <subfield code="a">106</subfield>
  </datafield>
  <datafield tag="952" ind1=" " ind2=" ">
    <subfield code="0">0</subfield>
    <subfield code="1">0</subfield>
    <subfield code="4">0</subfield>
    <subfield code="7">0</subfield>
    <subfield code="8">TESDIGBC</subfield>
    <subfield code="a">BC</subfield>
    <subfield code="b">BC</subfield>
    <subfield code="d">2007-04-09</subfield>
    <subfield code="e">Material adquirido por donaci&#xF3;n</subfield>
    <subfield code="i">C944661</subfield>
    <subfield code="l">0</subfield>
    <subfield code="o">150.195 V297i CD-ROM</subfield>
    <subfield code="p">0719201</subfield>
    <subfield code="r">2023-04-27 00:00:00</subfield>
    <subfield code="t">1</subfield>
    <subfield code="w">2023-04-27</subfield>
    <subfield code="y">DIGITAL</subfield>
  </datafield>
  <datafield tag="952" ind1=" " ind2=" ">
    <subfield code="0">0</subfield>
    <subfield code="1">0</subfield>
    <subfield code="4">0</subfield>
    <subfield code="7">0</subfield>
    <subfield code="8">DIGITAL</subfield>
    <subfield code="a">CISH</subfield>
    <subfield code="b">CISH</subfield>
    <subfield code="d">2007-04-11</subfield>
    <subfield code="i">C945014</subfield>
    <subfield code="l">0</subfield>
    <subfield code="o">T/CD-06134</subfield>
    <subfield code="p">0617706</subfield>
    <subfield code="r">2023-04-27 00:00:00</subfield>
    <subfield code="t">1</subfield>
    <subfield code="w">2023-04-27</subfield>
    <subfield code="y">DIGITAL</subfield>
  </datafield>
</record>
